000
00272nam a2200121Ia 4500
008
191201s2011 xx 000 0 und d
100
_a
NSE
245
0
_a
Transforming Indian Capital Markets
260
_a
Mumbai
_b
NSE
_c
2011
300
_a
721
650
_a
MBA
942
_2
ddc
_c
BK
999
_c
19
_d
19